Λαϊκός πολιτισμός και νεοελληνικός διαφωτισμός

Αποθηκεύτηκε σε:
Λεπτομέρειες βιβλιογραφικής εγγραφής
Κύριος συγγραφέας: Μερακλής, Μιχάλης Γ., 1932-
Άλλοι συγγραφείς: Φίλιας, Βασίλης Ι., 1927-2018 (Συγγραφέας εισαγωγής κ.λπ.)
Μορφή: Βιβλίο
Γλώσσα:Greek
Δημοσίευση: Αθήνα : Παπαζήσης, 2007.
Σειρά:Σύγχρονες κοινωνικές επιστήμες. Θεωρία και πράξη.
Θέματα:
Ετικέτες: Προσθήκη ετικέτας
Δεν υπάρχουν, Καταχωρήστε ετικέτα πρώτοι!

MARC

LEADER 00000cam a2200000 i 4500
001 1/69292
008 080102s2007 gr | ||| |||| ||gre||
020 |a 9789600220438 
035 |l 10093378 
040 |a GR-MyUa  |b gre  |e AACR2 
041 0 |a gre 
082 7 |a 199.495   |2 (22)  
100 1 |a Μερακλής, Μιχάλης Γ.,   |d 1932- 
245 1 0 |a Λαϊκός πολιτισμός και νεοελληνικός διαφωτισμός /   |c Μ.Γ. Μερακλής ; [πρόλογος Βασίλης Φίλιας].  
260 |a Αθήνα :   |b Παπαζήσης,   |c 2007.  
300 |a 133 σ. ;   |c 21 εκ.  
490 1 |a (Σύγχρονες κοινωνικές επιστήμες. Θεωρία και πράξη) 
504 |a Περιλαμβάνει βιβλιογραφικές παραπομπές. 
650 0 |a Philosophy, Greek (Modern) 
650 0 |a Enlightenment  |z Greece. 
700 1 |a Φίλιας, Βασίλης Ι.,   |d 1927-2018,  |e aui 
830 0 |a Σύγχρονες κοινωνικές επιστήμες.   |p Θεωρία και πράξη. 
852 |a INST  |b RHODES  |e 20080102  |h 199.495 ΜΕΡ  |p 005400030292  |q 005400030292  |t BK  |y 10 
901 |a BIBL4-2007-3 
922 |a 4ΕΛΗ  |b 200711  |c ΕΠΕΑΕΚ2/ΠΤΔΕ  |d Σ. Πατάκης 
970 |a Κόζα  |b Μαρία  |z 02/01/2008